Caribbean Beat/ (Record no. 4180)

MARC details
000 -LEADER
campo de control de longitud fija 01126nam a22002537a 4500
003 - IDENTIFICADOR DE NÚMERO DE CONTROL
campo de control OSt
005 - FECHA Y HORA DE LA ÚLTIMA TRANSACCIÓN
campo de control 20230823093252.0
008 - DATOS DE LONGITUD FIJA--INFORMACIÓN GENERAL
campo de control de longitud fija 221006b |||||||| |||| 00| 0 eng d
040 ## - FUENTE DE CATALOGACIÓN
Centro/agencia transcriptor Biblioteca Lado V
082 ## - NÚMERO DE LA CLASIFICACIÓN DECIMAL DEWEY
Número de clasificación 306.440.89
Número de ítem L374c
100 ## - ENTRADA PRINCIPAL--NOMBRE DE PERSONA
9 (RLIN) 958
Nombre de persona Laughlin, Nicholas
Término indicativo de función/relación editor
245 ## - MENCIÓN DEL TÍTULO
Título Caribbean Beat/
260 ## - PUBLICACIÓN, DISTRIBUCIÓN, ETC.
Fecha de publicación, distribución, etc. 2012
Nombre del editor, distribuidor, etc. Caribbean Airlines
Lugar de publicación, distribución, etc. España
300 ## - DESCRIPCIÓN FÍSICA
Dimensiones 21x28cm
Extensión 96p.
505 ## - NOTA DE CONTENIDO CON FORMATO
Nota de contenido con formato DATEBOOK<br/><br/>WORD OF MOUTH<br/><br/>UP NEXT<br/><br/>THE LOOK<br/><br/>BOOKSHELF<br/><br/>COOKUP
Título EMBARK
505 ## - NOTA DE CONTENIDO CON FORMATO
Nota de contenido con formato ALL THE RIGHT MOVES<br/><br/>A WORLD TO CHANGE<br/><br/>FAMILY TIES<br/><br/>"I WANT TO WRITE POETRY THAT IS ALIVE"<br/><br/>TIME WILL TELL
Título IMMERSE
505 ## - NOTA DE CONTENIDO CON FORMATO
Nota de contenido con formato LONDON IS THE PLACE<br/><br/>THE HOLES IN HISTORY<br/><br/>UNLIKELY ISLAND
Título ARRIVE
505 ## - NOTA DE CONTENIDO CON FORMATO
Nota de contenido con formato THE RIGHT TO READ<br/><br/>RIVER OF BLOOD<br/><br/>PUZZLES<br/><br/>ONBOARD ENTERTAIMENT<br/><br/>READER´S CHOICE AWARDS
Título ENGAGE
650 ## - PUNTO DE ACCESO ADICIONAL DE MATERIA--TÉRMINO DE MATERIA
Fuente del encabezamiento o término Tesauro de Arte & Arquitectura
Término de materia o nombre geográfico como elemento de entrada ARTE
650 ## - PUNTO DE ACCESO ADICIONAL DE MATERIA--TÉRMINO DE MATERIA
Fuente del encabezamiento o término Tesauro de Arte & Arquitectura
Término de materia o nombre geográfico como elemento de entrada CULTURA
9 (RLIN) 702
650 ## - PUNTO DE ACCESO ADICIONAL DE MATERIA--TÉRMINO DE MATERIA
Fuente del encabezamiento o término Tesauro de Arte & Arquitectura
Término de materia o nombre geográfico como elemento de entrada HISTORIA
651 ## - PUNTO DE ACCESO ADICIONAL DE MATERIA--NOMBRE GEOGRÁFICO
Fuente del encabezamiento o término Tesauro de Arte & Arquitectura
Nombre geográfico CARIBE
942 ## - ELEMENTOS DE ENTRADA SECUNDARIOS (KOHA)
Fuente del sistema de clasificación o colocación Clasificación Decimal Dewey
Tipo de ítem Koha Libros
Parte de la signatura que corresponde a la clasificación (Parte de la clasificación) 306.440.89
Parte de la signatura que identifica el ejemplar (Parte del ítem) L374c
Suprimir en OPAC No
Holdings
Estatus retirado Estado de pérdida Fuente del sistema de clasificación o colocación Especificación de materiales (volumen encuadernado u otra parte) Estado de daño No para préstamo Colección Biblioteca de origen Biblioteca actual Fecha de adquisición Enumeración/cronología de publicación seriada Número de inventario Total de préstamos Signatura topográfica completa Código de barras Visto por última vez Precio de reemplazo Tipo de ítem Koha
    Clasificación Decimal Dewey 2012     Revistas Biblioteca LadoV Biblioteca LadoV 23/08/2023 Septiembre/Octubre 005165   306.440.89 L374c 005165 23/08/2023 23/08/2023 Libros